000 00903cam a2200301 i 4500
001 3179394
003 OSt
005 20180116183024.0
008 760928s1977 nyu 000 1 eng
010 _a 76018346
020 _a0385075065 :
_c$6.95
040 _aDLC
_cDLC
_dDLC
_dOCoLC
_dDLC
043 _an-us---
050 0 0 _aPZ4.G486
_bMi
_aPS3557.I433
082 0 0 _a813.54 GIL 1977
100 1 _aGilman, Dorothy,
_d1923-2012.
245 1 0 _aMrs. Pollifax on Safari
_cDorothy Gilman.
250 _a1st ed.
260 _aGarden City, N.Y. :
_bDoubleday,
_c1977.
300 _a223 p. ;
_c22 cm.
440 _aMrs. Pollifax on Safari
650 0 _aPollifax, Emily (Fictitious character)
_xFiction.
650 0 _aWomen spies
_xFiction.
650 0 _aIntelligence service
_xFiction.
655 7 _aSpy stories.
_2gsafd
906 _a7
_bcbc
_corignew
_d1
_eocip
_f19
_gy-gencatlg
942 _2ddc
_cBK
999 _c350713
_d350713